| 000 | 00661nam a2200193 a 4500 | ||
|---|---|---|---|
| 245 | 1 | 0 |
_aDiscovering Isaac: The Beloved Potter of Niederbipp / _cBen Behunin. |
| 008 | 100515n 000 0 eng d | ||
| 260 |
_aSalt Lake City, Utah : _bAbendmahl Press, _c2009. |
||
| 100 |
_aBehunin, Ben. _95753861 |
||
| 300 | _a429 p. | ||
| 020 | _a0615333133 | ||
| 490 | 1 | _v# 2 | |
| 521 | 2 | _aAdult. | |
| 520 | _aDisclaimer: You may think you know the people in this book, but unless you've been to Niederbipp, any similarities to the people you know are merely coincidental. | ||
| 005 | 20241220150451.0 | ||
| 001 | 117785 | ||
| 003 | DCL | ||
| 942 |
_cUNKNOWN _019 |
||
| 999 |
_c149253 _d149253 |
||